| 000 | 00642cam a2200253 4500 | ||
|---|---|---|---|
| 008 | 090401t1987 xxu||||| |||| 00| 0 eng d | ||
| 020 | _a0333443500 | ||
| 035 | _a(Sirsi) u62556 | ||
| 041 | _aeng | ||
| 050 | _a333.337 | ||
| 100 | _aHarvey, Jack | ||
| 245 | _aUrban land economics | ||
| 250 | _a2nd ed. | ||
| 260 |
_aBasingstoke _bMacmillan Education _c1987 |
||
| 300 | _axiv,408p. ; 24cm. | ||
| 350 | _a12.95 | ||
| 520 | _aPrevious edition entitled The Economics of Real Property. | ||
| 650 | _aDEVELOPMENT | ||
| 650 |
_aLand use _96251 |
||
| 650 | _aPROPERTY | ||
| 650 | _aURBAN AREAS | ||
| 942 | _n0 | ||
| 948 | _c04/03/1997 | ||
| 999 |
_c94441 _d94441 |
||